000
00260 a2200097 4500
001
59749
100
_a
245
_a
Shakhsiyat ka Encyclopedia; Tareekh-e-Shakhsiyat say Ibarat Hae (Urdu)
260
_a
Lahore
_b
Gohar Publications
_c
2009
090
_c
36621
_d
36621
942
_a
NUST-CAE
_c
_c
29582
999
_c
294822
_d
294822